| 000 | 00685nam a2200181Ia 4500 | ||
|---|---|---|---|
| 008 | 090711s9999 xx 000 0 und d | ||
| 082 | _b1878 | ||
| 100 | _aमालपाणी अनिरुद्ध | ||
| 245 | _aआम्हांला बाळ हवंय ! | ||
| 260 |
_bपॉप्युलर प्रकाशन _c1999 |
||
| 300 | _a306 | ||
| 600 | _aमालपाणी अनिरुद्ध | ||
| 630 | _aआम्हांला बाळ हवंय ! | ||
| 700 | _aनाडकर्णी सुरेश | ||
| 700 | _aमालपाणी अनिरुद्ध | ||
| 730 | _aआम्हांला बाळ हवंय ! | ||
| 942 | _cBOOK | ||
| 999 |
_c336870 _d336870 |
||